|
|
|
|
| LEADER |
01829nam a22003137a 4500 |
| 001 |
33511 |
| 003 |
BD-DhAAL |
| 005 |
20250806112208.0 |
| 008 |
180729t2015 bg a bs f000 0 eng d |
| 020 |
|
|
|a 9789845190688
|
| 040 |
|
|
|a BD-DhAAL
|d BD-DhAAL
|
| 082 |
|
|
|a 304.6095492
|2 20
|
| 245 |
0 |
0 |
|a Bangladesh population and housing census 2011 :
|b zila report : Barguna /
|c Bangladesh Bureau of Statistics (BBS), Statistics and Informatics Division (SID), Ministry of Planning, Government of the People's Republic of Bangladesh.
|
| 246 |
|
|
|a Population & housing census 2011
|
| 246 |
|
|
|a আদমশুমারি ও গৃহগণনা - ২০১১
|
| 260 |
|
|
|a Dhaka :
|b Bangladesh Bureau of Statistics, Statistics and Informatics Division, Ministry of Planning, Government of the People's Republic of Bangladesh,
|c 2015.
|
| 300 |
|
|
|a xxi, 272 pages :
|b illustrations ;
|c 28 cm.
|e + 1 CD-ROM (4 3/4 in.)
|
| 500 |
|
|
|a Chiefly statistical tables.
|
| 526 |
|
|
|a AAL
|
| 541 |
|
|
|a Development Book Agency
|e 33511
|
| 650 |
|
|
|a Housing
|z Bangladesh
|v Statistics
|9 27604
|
| 651 |
|
|
|a Bangladesh
|x Population
|v Statistics
|9 24280
|
| 651 |
|
|
|a Bangladesh
|x Census, 2011
|9 27602
|
| 710 |
|
|
|a Bangladesh Bureau of Statistics (BBS),
|b Statistics and Informatics Division (SID),
|b Ministry of Planning, Government of the People's Republic of Bangladesh.
|9 28220
|
| 852 |
|
|
|a Ayesha Abed Library
|c Reference Section
|
| 942 |
|
|
|2 ddc
|c BK
|
| 999 |
|
|
|c 39913
|d 39913
|
| 952 |
|
|
|0 0
|1 0
|2 ddc
|4 0
|6 304_609549200000000_BAN
|7 1
|8 RPT
|9 63914
|a BRACUL
|b BRACUL
|c REF
|d 2018-07-23
|e Development Book Agency
|g 600.00
|l 0
|o 304.6095492 BAN
|p 3010033511
|r 2018-07-23
|t 1
|v 600.00
|w 2018-07-23
|y BK
|
| 952 |
|
|
|0 0
|1 0
|2 ddc
|4 0
|6 304_609549200000000_BAN
|7 1
|9 64125
|a BRACUL
|b BRACUL
|c AV
|d 2018-07-29
|e Development Book Agency
|l 0
|o 304.6095492 BAN
|p 4010033511
|r 2018-07-29
|w 2018-07-29
|y AV
|